Punjabi adab: (Record no. 525217)

000 -LEADER
fixed length control field 00501nam a22001697a 4500
003 - CONTROL NUMBER IDENTIFIER
control field NUST
020 ## - INTERNATIONAL STANDARD BOOK NUMBER
Terms of availability (Hbk)
038 ## - RECORD CONTENT LICENSOR
Staff Name M. Shaban
082 ## - DEWEY DECIMAL CLASSIFICATION NUMBER
Classification number 891.4394
Author Mark JAV
100 ## - MAIN ENTRY--PERSONAL NAME
Personal name Javed, Inam ul Haq
9 (RLIN) 14461
245 ## - TITLE STATEMENT
Title Punjabi adab:
Remainder of title Chand mazameen /
Statement of responsibility, etc. Inam ul Haq Javed
260 ## - PUBLICATION, DISTRIBUTION, ETC.
Place of publication, distribution, etc. Lahore :
Name of publisher, distributor, etc. Al Faisal printer,
Date of publication, distribution, etc. 2018.
300 ## - PHYSICAL DESCRIPTION
Extent 243 p. ;
880 ## - ALTERNATE GRAPHIC REPRESENTATION
Linkage 100-01\r
Title ڈاکٹر انعام الحق جاوید
880 ## - ALTERNATE GRAPHIC REPRESENTATION
Linkage 245-02\r
Title پنجابی ادب: چند مضامین /
942 ## - ADDED ENTRY ELEMENTS (KOHA)
Source of classification or shelving scheme
Koha item type Book
Holdings
Withdrawn status Lost status Source of classification or shelving scheme Damaged status Not for loan Permanent Location Current Location Shelving location Date acquired Total Checkouts Full call number Barcode Date last seen Price effective from Koha item type
          Central Library (CL) Central Library (CL) Punjabi Literature 06/28/2019   891.4394 JAV CL-E-384 06/28/2019 06/28/2019 Book
© 2023 Central Library, National University of Sciences and Technology. All Rights Reserved.